コンテンツを見る

Кризисогенное развитие мировой экономики и адаптация российской экономики Монография

Монография посвящена рассмотрению проблем сохранения устойчивости развития российской экономики в условиях нарастающих глобальных рисков и представляет интерес для практических работников преподавателей исследователей и экспертов интересующихся данной тематикой....

詳細記述

保存先:
書誌詳細
フォーマット: Монография
版:1
オンライン・アクセス:https://znanium.com/catalog/document?id=421528
https://znanium.com/cover/1925/1925545.jpg
タグ: タグ追加
タグなし, このレコードへの初めてのタグを付けませんか!
LEADER 02177nam0a2200301 i 4500
001 RU\infra-m\znanium\bibl\1925545
003 https://znanium.com/catalog/document?id=421528
005 20250805000000.0
010 |a 978-5-394-05275-0 
100 |a 20250805d2022 m y0rusy0150 ca 
101 0 |a rus 
102 |a RU 
200 1 |a Кризисогенное развитие мировой экономики и адаптация российской экономики  |e Монография  |f Финансовый университет при Правительстве Российской Федерации 
205 |a 1 
210 1 |a Москва  |c Издательско-торговая корпорация "Дашков и К"  |d 2023 
215 |a 232 с. 
330 |a Монография посвящена рассмотрению проблем сохранения устойчивости развития российской экономики в условиях нарастающих глобальных рисков и представляет интерес для практических работников преподавателей исследователей и экспертов интересующихся данной тематикой. 
333 |a ВО - Магистратура 
606 |a Экономика. Бухгалтерский учет. Финансы  |x Мировая экономика  |2 local 
608 |a Монография  |2 local 
675 |a 339  |z rus 
686 |a 655  |2 rubbk 
686 |a 38.04.01  |2 okso 
686 |a 38.05.01  |2 okso 
702 1 |a Сильвестров  |b С. Н.  |g Сергей Николаевич  |p Финансовый университет при Правительстве Российской Федерации  |r Под ред. 
801 0 |a RU  |b Общество с ограниченной ответственностью «ЗНАНИУМ»  |c 20221114  |2 rusmarc 
856 4 |a znanium.com  |m ebs_support@infra-m.ru  |n НИЦ ИНФРА-М  |u https://znanium.com/catalog/document?id=421528 
856 4 1 |a znanium.com  |d /cover/1925  |f 1925545.jpg  |q image/jpeg  |u https://znanium.com/cover/1925/1925545.jpg